Homárie klepeto

Bibliographic Details
Main Author: Nygardshaug, Gert, 1946- (Author)
Other Authors: Mikulášová, Petra, 1983- (Translator)
Format: Article
Language:Slovak
Norwegian
PhysicalDescription:Fotogr.
ISSN:0231-6269
Subjects:

MARC

LEADER 00000nab a2200000 a 4500
001 vtls009285669
003 SK-MaSNL
005 20260304151518.0
008 250506c2007 xo |r|p|||||||000 b|slo
015 |a SNBRB2008/04  |2 snkbucl 
035 |a (uuid)075b8a76-5476-4bce-852e-857503e84c17 
035 |a urn:nbn:sk:snk-abc3oe 
035 |a (urnnbn)urn:nbn:sk:snk:ar-0048g3 
038 |a SNKBUCL 
040 |a SNKBUCL  |b slo  |c SNKBUCL  |e AACR2 
041 1 |a slo  |h nor 
044 |a xo  |c SK 
080 |a 821.113.5-32  |2 2001 
100 1 |a Nygardshaug, Gert,  |d 1946-  |4 aut  |9 1472233 
245 1 0 |a Homárie klepeto  |c Gert Nygardshaug ; preložila Petra Mikulášová 
300 |b Fotogr. 
650 0 7 |a detektívne poviedky, nórske  |2 snkbucl  |9 1472360 
700 1 |a Mikulášová, Petra,  |d 1983-  |4 trl  |9 110161 
773 0 |t Revue svetovej literatúry  |g Roč. XLIII, č. 4 (2007), s. 39-47  |x 0231-6269 
850 |a Slovenská národná knižnica 
852 |a Slovenská národná knižnica 
958 |a article15 
958 |a OND 
958 |a LX 
958 |a NO 
958 |a EUIPO 
999 |c 2944094  |d 2946024